Culture générale 5 - Statistiques

Statistiques générales
  • Ce quiz a été pris 87 fois
  • Le résultat moyen est 5 sur 20
Statistiques - réponses
Hint Réponse % Correct
Quel personnage de fiction créé en 1919 par Johnston McCulley, s’appelle véritablement Don Diego de La Vega ? Zorro
69%
Quel groupe d’humoristes français se composait d’Alain Chabat, Bruno Carette, Dominique Farrugia et Chantal Lauby ? Les Nuls
68%
Quelle ville italienne est souvent surnommée « la Sérénissime » ? Venise
63%
Dans la mythologie grecque, comment s’appelle le père de Zeus, par ailleurs roi des Titans, qui a mangé tous ses fils sauf ce dernier ? Cronos
48%
Quel écrivain américain du XXe s est notamment l’auteur des « Neiges du Kilimandjaro », « Le vieil homme et la mer » ou encore « Pour qui sonne le glas » ? Ernest Hemingway
40%
Quelle région française le sentier de grande randonnée GR 34 parcourt-il ? La Bretagne
36%
Au large de quel Etat des Etats-Unis se situent les Iles Aléoutiennes ? L'Alaska
33%
Quel groupe musical australo-britannique est formé par les frères Gibb ? Les Bee Gees
28%
Quel Etat des Etats-Unis est communément surnommé « le Premier Etat », car il est le premier à avoir ratifié la Constitution des Etats-Unis en 1787 ? Delaware
25%
Quel pays africain est surnommé « le pays aux mille collines » ? Le Rwanda
25%
Quel philosophe anarchiste du XIXe s défend l’idée que « La propriété, c’est le vol » ? Pierre-Joseph Proudhon
16%
Quelle primatologue américaine, spécialisée dans l’étude du comportement des gorilles du Rwanda, a été assassinée en 1985 à cause de son engagement ? Dian Fossey
13%
Dans la série d’albums pour enfants « Martine », comment s’appelle le chien de l’héroïne ? Patapouf
13%
Lors de la bataille d’Azincourt en 1415, qui était le roi d’Angleterre ? Henri V
12%
Quel dinosaure, l’un des plus grands jamais découverts, tient son nom du pays d’Amérique du Sud dans lequel il a été découvert en 1989 ? Argentinosaurus
9%
A quel empereur romain est attribué le dicton « L’argent n’a pas d’odeur » ? Vespasien
9%
Dans quelle ville allemande l’imprimeur Johannes Gutenberg est-il né et décédé ? Mayence
8%
Comment s’appelle la cousine de Juliette, aimée par Roméo au début de l’œuvre de Shakespeare ? Rosaline
4%
Dans l’Ancien Testament, dans le Livre des Juges, avec la mâchoire de quel animal Samson a-t-il tué 1 000 Philistins ? Un âne
4%
Sur quelle place de Dallas J.F. Kennedy s’est-il fait assassiner en 1963 ? Dealey Plaza
1%
Aucun quiz correspondant
Distribution des résultats
% des personnes avec chaque résultat
Percentile par nombre de réponses
Votre historique - résultats
Vous n’avez pas pris ce quiz